[Event "Titled Tuesday intern op 16th Apr Early"]
[Site "Chess.com INT"]
[Date "2024.04.16"]
[Round "1"]
[White "Vestby Ellingsen, Mads"]
[Black "Wueest, Andrin"]
[Result "1-0"]
[WhiteElo "2335"]
[BlackElo "2234"]
[PlyCount "65"]
[EventDate "2024.04.16"]
[EventType "swiss (blitz)"]
[EventRounds "11"]
[EventCountry "USA"]
[SourceTitle "CB17_2024"]
[SourceDate "2024.04.24"]
[SourceVersion "1"]
[SourceVersionDate "2024.04.24"]
[SourceQuality "1"]

1. e4 c5 2. Nf3 e6 3. d4 cxd4 4. Nxd4 Nf6 5. Nc3 Nc6 6. Ndb5 Bb4 7. a3 Bxc3+ 8. Nxc3 d5 9. Bd3 dxe4 10. Nxe4 Nxe4 11. Bxe4 Qxd1+ 12. Kxd1 Bd7 13. f3 0-0-0 14. Be3 b6 15. Ke2 Ne5 16. Rad1 Bb5+ 17. Kf2 Nc4 18. Bc1 g6 19. a4 Ba6 20. Bd3 Kb7 21. Bg5 Rd7 22. Bxc4 Bxc4 23. Rxd7+ Kc6 24. Rhd1 Bd5 25. Rxf7 a6 26. b3 b5 27. axb5+ axb5 28. Ra1 h6 29. Be3 Kd6 30. Bd4 Rc8 31. Ra6+ Bc6 32. Rf6 Kd5 33. Be3 1-0

[Event "Titled Tuesday intern op 13th Feb Early"]
[Site "Chess.com INT"]
[Date "2024.02.13"]
[Round "1"]
[White "Ju, Wenjun"]
[Black "Wueest, Andrin"]
[Result "1/2-1/2"]
[WhiteElo "2559"]
[BlackElo "2234"]
[PlyCount "64"]
[EventDate "2024.02.13"]
[EventType "swiss (blitz)"]
[EventRounds "11"]
[EventCountry "USA"]
[SourceTitle "CB08_2024"]
[SourceDate "2024.02.21"]
[SourceVersion "1"]
[SourceVersionDate "2024.02.21"]
[SourceQuality "1"]

1. d4 d6 2. Nf3 Bg4 3. Nbd2 Nd7 4. h3 Bh5 5. g3 e5 6. dxe5 Nxe5 7. Bg2 c6 8. 0-0 Nf6 9. c4 Nxf3+ 10. Nxf3 Be7 11. b3 0-0 12. Bb2 Qc7 13. Qd4 Bxf3 14. Bxf3 Rfe8 15. Rad1 a5 16. Rfe1 a4 17. b4 Rad8 18. g4 Bf8 19. a3 Qe7 20. e3 Nd7 21. Bg2 Ne5 22. f4 Ng6 23. b5 d5 24. cxd5 cxd5 25. Bxd5 Qh4 26. Kg2 Rxd5 27. Qxd5 Nxf4+ 28. exf4 Rxe1 29. Rxe1 Qxe1 30. Qd3 Qe6 31. Kg3 Qa2 32. Qd4 Qb3+ 1/2-1/2

[Event "Titled Tuesday intern op 06th Feb Early"]
[Site "Chess.com INT"]
[Date "2024.02.06"]
[Round "7"]
[White "Wueest, Andrin"]
[Black "Vafin, Ayrat"]
[Result "1/2-1/2"]
[WhiteElo "2234"]
[BlackElo "2302"]
[PlyCount "157"]
[EventDate "2024.02.06"]
[EventType "swiss (blitz)"]
[EventRounds "11"]
[EventCountry "USA"]
[SourceTitle "CB07_2024"]
[SourceDate "2024.02.14"]
[SourceVersion "1"]
[SourceVersionDate "2024.02.14"]
[SourceQuality "1"]

1. d4 d5 2. Nf3 Nf6 3. e3 Bf5 4. c4 c6 5. Nc3 e6 6. Be2 Bd6 7. Nh4 Bg6 8. Qb3 Qb6 9. c5 Qxb3 10. axb3 Be7 11. b4 a6 12. b5 cxb5 13. Nxb5 Kd7 14. Nc3 Nc6 15. Nxg6 hxg6 16. Na4 Rad8 17. Nb6+ Kc7 18. Bd2 e5 19. Bc3 Ne4 20. 0-0 exd4 21. exd4 Rhe8 22. Bf3 Bf6 23. Rfd1 Re7 24. Kf1 g5 25. h3 g6 26. Rd3 Bg7 27. Bd1 f5 28. Bb3 Nf6 29. Rg3 Bh6 30. Re1 Rxe1+ 31. Kxe1 Re8+ 32. Re3 Rxe3+ 33. fxe3 Ne7 34. Ba4 g4 35. Ba5 Kb8 36. Ke2 gxh3 37. gxh3 Nc6 38. Be1 f4 39. Bf2 Kc7 40. Bb3 Ne7 41. Kf3 g5 42. exf4 gxf4 43. Bh4 Bg7 44. Bxf6 Bxf6 45. Nxd5+ Nxd5 46. Bxd5 Bxd4 47. b3 Bxc5 48. Kxf4 b5 49. h4 a5 50. h5 Ba3 51. h6 Bc1+ 52. Ke4 Bxh6 53. Kd3 Kd6 54. Bf7 Kc5 55. Be8 Kb4 56. Kc2 Bg7 57. Bd7 Bf6 58. Be8 Kc5 59. Bd7 Be5 60. Be8 Bd4 61. Bd7 Kb4 62. Be8 Bf6 63. Bd7 Be5 64. Be8 Ka3 65. Bd7 b4 66. Ba4 Bd4 67. Kd3 Bc3 68. Kc4 Bf6 69. Kb5 Bd8 70. Kc6 Kb2 71. Kd7 Bg5 72. Kc6 Kc3 73. Kb6 Bd8+ 74. Kc6 Kd4 75. Kd7 Bf6 76. Kc6 Bg7 77. Kd7 Kc5 78. Ke6 Bf8 79. Kf5 1/2-1/2

[Event "Wch Seniors 50 25th"]
[Site "Acqui Terme"]
[Date "2015.11.20"]
[Round "10"]
[White "Bellia, Fabrizio"]
[Black "Wueest, Andrin"]
[Result "1-0"]
[WhiteElo "2452"]
[BlackElo "2228"]
[PlyCount "81"]
[EventDate "2015.11.10"]
[EventType "swiss"]
[EventRounds "11"]
[EventCountry "ITA"]
[SourceTitle "CBM 169 Extra"]
[Source "ChessBase"]
[SourceDate "2015.12.18"]
[SourceVersion "1"]
[SourceVersionDate "2015.12.18"]
[SourceQuality "1"]

1. e4 d6 2. d4 g6 3. Nf3 Bg7 4. Nc3 a6 5. a4 b6 6. Bc4 e6 7. 0-0 h6 8. Be3 Bb7 9. h3 Ne7 10. Nh2 0-0 11. Qd2 Kh7 12. d5 exd5 13. Nxd5 Nd7 14. Bd4 Bxd4 15. Qxd4 Bxd5 16. exd5 Nf5 17. Qd2 Qg5 18. f4 Qh4 19. Rae1 Rfe8 20. Rxe8 Rxe8 21. Bxa6 Nc5 22. Bb5 Re3 23. Bd3 Nxd3 24. cxd3 Qe7 25. Ng4 Re2 26. Qc3 Ng7 27. Nf6+ Kh8 28. Kh2 h5 29. b4 Qe3 30. Ne4 f5 31. Ng5 h4 32. Rf3 Qe7 33. a5 bxa5 34. bxa5 Kg8 35. Qd4 Ne8 36. Rf2 Re1 37. a6 c5 38. dxc6 Nc7 39. Rb2 Nxa6 40. Rb7 Nc7 41. Qa7 1-0

[Event "Wch Seniors 50 25th"]
[Site "Acqui Terme"]
[Date "2015.11.11"]
[Round "2"]
[White "Arkell, Keith C"]
[Black "Wueest, Andrin"]
[Result "1-0"]
[WhiteElo "2499"]
[BlackElo "2228"]
[PlyCount "140"]
[EventDate "2015.11.10"]
[EventType "swiss"]
[EventRounds "11"]
[EventCountry "ITA"]
[SourceTitle "CBM 169 Extra"]
[Source "ChessBase"]
[SourceDate "2015.12.18"]
[SourceVersion "1"]
[SourceVersionDate "2015.12.18"]
[SourceQuality "1"]

1. d4 Nf6 2. Nf3 d5 3. c4 c6 4. Qc2 g6 5. e3 Bf5 6. Qb3 Qb6 7. Nc3 Qxb3 8. axb3 e6 9. c5 Nbd7 10. b4 e5 11. b5 exd4 12. exd4 Bg7 13. bxc6 bxc6 14. Bf4 0-0 15. Be2 Rfe8 16. 0-0 Bg4 17. Ra4 Ne4 18. Ba6 Nexc5 19. dxc5 Nxc5 20. Ra5 Nxa6 21. Rxa6 d4 22. Na4 d3 23. Nd2 c5 24. Nxc5 Bxb2 25. Be3 Rac8 26. Rb1 Bg7 27. Nce4 Rc2 28. Bf4 h6 29. h4 Bf5 30. Nd6 Re6 31. Nf3 d2 32. Rb8+ Kh7 33. Nxd2 Bd3 34. Ra3 Rxd2 35. Bxd2 Rxd6 36. Rxa7 Bc4 37. Bf4 Rd1+ 38. Kh2 Be6 39. Ra5 Rd4 40. Bg3 h5 41. Rba8 Bf6 42. Ra4 Rd7 43. R8a5 Kg7 44. Be5 Bxe5+ 45. Rxe5 Kf6 46. Rea5 Rd2 47. f3 Rb2 48. Kg3 Rc2 49. Rb4 Rd2 50. Rab5 Rc2 51. Rb2 Rc3 52. R5b4 Rc1 53. Kf2 Rc3 54. Ra4 Kg7 55. Kg3 Kf6 56. Kf4 Rd3 57. Rf2 Rd1 58. Rb2 Rh1 59. Ke3 Ke5 60. Rf4 Re1+ 61. Kf2 Rc1 62. Kg3 Rc7 63. Re2+ Kd6 64. Rf6 Re7 65. Kf4 Ra7 66. Rexe6+ fxe6 67. Rxg6 Ra2 68. Rg5 e5+ 69. Kg3 Ra3 70. Kh2 Kd5 1-0

[Event "SUI-chT"]
[Site "Switzerland"]
[Date "2004.11.06"]
[Round "8.8"]
[White "Wueest, Andrin"]
[Black "Montoro, Andreas"]
[Result "1-0"]
[WhiteElo "2248"]
[BlackElo "2223"]
[PlyCount "72"]
[EventDate "2004.02.29"]
[EventType "team-tourn"]
[EventRounds "9"]
[EventCountry "SUI"]
[SourceTitle "EXT 2006"]
[Source "ChessBase"]
[SourceDate "2005.11.24"]
[SourceVersion "1"]
[SourceVersionDate "2005.11.24"]
[SourceQuality "1"]
[WhiteTeam "Luzern"]
[BlackTeam "Roessli"]
[WhiteTeamCountry "SUI"]
[BlackTeamCountry "SUI"]

1. d4 Nf6 2. c3 e6 3. Nf3 b6 4. Bg5 Be7 5. Nbd2 Bb7 6. e3 0-0 7. Bd3 d5 8. Ne5 Nbd7 9. Nxd7 Nxd7 10. Bxe7 Qxe7 11. f4 a5 12. 0-0 Ba6 13. Bxa6 Rxa6 14. e4 dxe4 15. Nxe4 c5 16. Qd3 Ra7 17. Rad1 cxd4 18. Qxd4 Nc5 19. Nd6 Qf6 20. Nb5 Rd7 21. Qxf6 gxf6 22. Rxd7 Nxd7 23. Rd1 Nc5 24. Rd6 Rb8 25. Kf1 f5 26. Ke2 Kf8 27. Ke3 Ke7 28. Rc6 h5 29. Rc7+ Nd7 30. Kf3 h4 31. h3 Rd8 32. c4 Kf6 33. Nd6 Nc5 34. Nxf7 Nd3 35. Ke3 Nc1 36. Ne5 Rf8 1-0

[Event "SUI-chT"]
[Site "Switzerland"]
[Date "2004.02.29"]
[Round "1.8"]
[White "Nilsson, Sebastian"]
[Black "Wueest, Andrin"]
[Result "1-0"]
[WhiteElo "2207"]
[BlackElo "2231"]
[PlyCount "59"]
[EventDate "2004.02.29"]
[EventType "team-tourn"]
[EventRounds "9"]
[EventCountry "SUI"]
[SourceTitle "CBM 099 Extra"]
[Source "ChessBase"]
[SourceDate "2004.05.04"]
[SourceVersion "1"]
[SourceVersionDate "2004.05.04"]
[SourceQuality "1"]
[WhiteTeam "Wollishofen"]
[BlackTeam "Luzern"]
[WhiteTeamCountry "SUI"]
[BlackTeamCountry "SUI"]

1. e4 e6 2. d4 d5 3. Nc3 dxe4 4. Nxe4 Nd7 5. Nf3 Ngf6 6. Nxf6+ Nxf6 7. Bd3 c5 8. 0-0 cxd4 9. Nxd4 Be7 10. b3 0-0 11. Bb2 a6 12. Re1 Qc7 13. Qe2 Bb4 14. c3 Bc5 15. Rad1 b5 16. c4 bxc4 17. bxc4 Bb7 18. Nb3 Qc6 19. Qf1 Rad8 20. Bxf6 gxf6 21. Be4 Qc7 22. Nxc5 Qxc5 23. Bxb7 Rb8 24. Rd7 Kh8 25. Qe2 Rg8 26. Rxf7 Qb4 27. Be4 Rg7 28. Rxg7 Kxg7 29. Rd1 Qc3 30. Qg4+ 1-0

[Event "SUI-chT"]
[Site "Switzerland"]
[Date "2003.10.04"]
[Round "8.7"]
[White "Paleologu, Vladimir"]
[Black "Wueest, Andrin"]
[Result "0-1"]
[WhiteElo "2182"]
[BlackElo "2238"]
[PlyCount "186"]
[EventDate "2003.03.23"]
[EventType "team-tourn"]
[EventRounds "9"]
[EventCountry "SUI"]
[SourceTitle "EXT 2004"]
[Source "ChessBase"]
[SourceDate "2003.11.25"]
[SourceVersion "1"]
[SourceVersionDate "2003.11.25"]
[SourceQuality "1"]
[WhiteTeam "Lugano"]
[BlackTeam "Luzern"]
[WhiteTeamCountry "SUI"]
[BlackTeamCountry "SUI"]

1. e4 e6 2. Qe2 c5 3. Nf3 Nc6 4. c3 Nge7 5. d3 d5 6. g3 b6 7. Qc2 Ba6 8. Be3 g6 9. d4 Bxf1 10. Kxf1 cxd4 11. Nxd4 Bg7 12. Qa4 Qd7 13. Nxc6 Qxc6 14. Qxc6+ Nxc6 15. exd5 exd5 16. Na3 0-0-0 17. Rc1 Kb7 18. Kg2 d4 19. cxd4 Nxd4 20. Nc4 Rd5 21. Rhe1 Rhd8 22. Bf4 Nc6 23. b3 g5 24. Be3 b5 25. Rb1 h6 26. Bc1 Rd1 27. Rxd1 Rxd1 28. Ne3 Re1 29. Nf5 Bf8 30. Ra1 Nb4 31. Bb2 Rxa1 32. Bxa1 Nxa2 33. Bb2 Nb4 34. Ba3 a5 35. Kf3 Kc6 36. Ke4 Kd7 37. Bxb4 Bxb4 38. Nxh6 Ke6 39. Nf5 Bc5 40. g4 a4 41. bxa4 bxa4 42. Kd3 Bxf2 43. Kc4 a3 44. Kb3 Bc5 45. h3 Bf8 46. h4 gxh4 47. Nxh4 Kf6 48. Nf3 Be7 49. Nd4 Kg5 50. Nc6 Bd6 51. Nd8 Kf6 52. Ka2 Ke7 53. Nc6+ Kd7 54. Nd4 Bc5 55. Nf5 Ke6 56. Nh4 Be7 57. Nf5 Bf8 58. Nd4+ Kd5 59. Nf3 Be7 60. Nd2 Kd4 61. Kb3 Ke3 62. Nc4+ Kf4 63. Ka2 Bb4 64. Kb3 Bc5 65. Ka2 Ke4 66. Kb3 Be7 67. Ka2 Kd4 68. Na5 Kd5 69. Kb1 Bb4 70. Nb3 Ke4 71. Nc1 Kf3 72. Nd3 Bd6 73. g5 Ke4 74. Nf2+ Kf5 75. Ka2 Be7 76. Nd3 Kxg5 77. Ne5 Kf6 78. Nc6 Bc5 79. Na5 Ke6 80. Nb3 Kd5 81. Nd2 f5 82. Kb3 Bd6 83. Nc4 Be7 84. Ne3+ Ke4 85. Nf1 f4 86. Nd2+ Kd3 87. Nf3 Ke4 88. Nd2+ Ke3 89. Nc4+ Ke2 90. Ne5 f3 91. Ng6 Bd6 92. Nh4 f2 93. Nf5 f1Q 0-1

[Event "SUI-chT"]
[Site "Switzerland"]
[Date "2003.05.18"]
[Round "4.5"]
[White "Kupper, Patrick"]
[Black "Wueest, Andrin"]
[Result "1/2-1/2"]
[WhiteElo "2322"]
[BlackElo "2238"]
[PlyCount "123"]
[EventDate "2003.03.23"]
[EventType "team-tourn"]
[EventRounds "9"]
[EventCountry "SUI"]
[SourceTitle "EXT 2004"]
[Source "ChessBase"]
[SourceDate "2003.11.25"]
[SourceVersion "1"]
[SourceVersionDate "2003.11.25"]
[SourceQuality "1"]
[WhiteTeam "Wollishofen"]
[BlackTeam "Luzern"]
[WhiteTeamCountry "SUI"]
[BlackTeamCountry "SUI"]

1. e4 e6 2. d4 d5 3. Nc3 dxe4 4. Nxe4 Nd7 5. Bd3 Ngf6 6. Qe2 Nxe4 7. Bxe4 Nf6 8. Bxb7 Bxb7 9. Qb5+ Nd7 10. Qxb7 Bd6 11. Nf3 0-0 12. 0-0 c5 13. Bg5 f6 14. Be3 c4 15. d5 e5 16. Qc6 Nb6 17. Bxb6 Qxb6 18. Qxc4 Rac8 19. Qd3 f5 20. Ng5 e4 21. Qh3 h6 22. Ne6 Rf7 23. Qb3 Qa6 24. c3 Rb7 25. Qd1 Qc4 26. b3 Qxc3 27. Rc1 Qxc1 28. Qxc1 Rxc1 29. Rxc1 Rb5 30. Rd1 Kf7 31. g3 Kf6 32. f4 exf3 33. Kf2 g5 34. Kxf3 a5 35. Rd2 Bb4 36. Rd3 Ke5 37. Nd8 Rxd5 38. Nf7+ Ke6 39. Nd8+ Kd6 40. Nf7+ Ke6 41. Rxd5 Kxd5 42. Nxh6 g4+ 43. Kf4 Bd2+ 44. Kxf5 Bxh6 45. Kxg4 Kd4 46. Kf5 Kc3 47. g4 Bd2 48. Ke4 Bg5 49. Kd5 Kb4 50. Kc6 Bh4 51. Kb6 Bd8+ 52. Ka6 Bg5 53. a3+ Kxa3 54. Kxa5 Kxb3 55. Kb5 Kc3 56. Kc5 Kd3 57. Kd5 Ke3 58. Ke5 Bf4+ 59. Ke6 Bxh2 60. g5 Bf4 61. Kf5 Bxg5 62. Kxg5 1/2-1/2

[Event "SUI-chT"]
[Site "Switzerland"]
[Date "2003.04.13"]
[Round "3.7"]
[White "Wueest, Andrin"]
[Black "Ermeni, Avni"]
[Result "0-1"]
[WhiteElo "2238"]
[BlackElo "2209"]
[PlyCount "146"]
[EventDate "2003.03.23"]
[EventType "team-tourn"]
[EventRounds "9"]
[EventCountry "SUI"]
[SourceTitle "EXT 2004"]
[Source "ChessBase"]
[SourceDate "2003.11.25"]
[SourceVersion "1"]
[SourceVersionDate "2003.11.25"]
[SourceQuality "1"]
[WhiteTeam "Luzern"]
[BlackTeam "Biel"]
[WhiteTeamCountry "SUI"]
[BlackTeamCountry "SUI"]

1. d4 e6 2. Nf3 c5 3. e3 Nf6 4. Nbd2 d5 5. c3 Nc6 6. Bd3 Bd6 7. 0-0 0-0 8. e4 cxd4 9. cxd4 dxe4 10. Nxe4 Be7 11. Be3 Qa5 12. a3 a6 13. b4 Qd5 14. Qc2 h6 15. Nxf6+ Bxf6 16. Be4 Qh5 17. Bxc6 bxc6 18. Rfc1 Bd7 19. Qe4 Qd5 20. Qf4 Be7 21. Ne5 Bd6 22. Qg3 f6 23. f4 Be8 24. Nc4 Bc7 25. Rc3 Kh7 26. Rac1 g5 27. Qf2 Bd7 28. Na5 Rac8 29. Qc2+ Kg7 30. Rc5 Qd6 31. Nc4 Qe7 32. Qe4 Qf7 33. fxg5 fxg5 34. Ne5 Bxe5 35. Rxe5 Qg6 36. Qxg6+ Kxg6 37. Ra5 Ra8 38. g4 Rf3 39. Bf2 Rf4 40. h3 h5 41. Be3 Rf3 42. Rxg5+ Kf6 43. Rf1 hxg4 44. hxg4 Rxf1+ 45. Kxf1 Rh8 46. Kg2 Rb8 47. Ra5 Bc8 48. Rc5 Rb5 49. Rc4 a5 50. bxa5 Rxa5 51. Rc3 Bb7 52. Kg3 Ra4 53. Rb3 Ba6 54. Rc3 Bc4 55. Kf4 Bd5 56. g5+ Kg6 57. Ke5 Ra6 58. Bc1 Ra4 59. Bf4 c5 60. Rxc5 Rxa3 61. Rc8 Ra7 62. Rh8 Rh7 63. Rc8 Rf7 64. Be3 Rf3 65. Bd2 Rf2 66. Bf4 Re2+ 67. Kd6 Re4 68. Be5 Kxg5 69. Rg8+ Kf5 70. Rf8+ Kg4 71. Ke7 Re2 72. Rf4+ Kg5 73. Kf7 Rxe5 0-1

[Event "SUI-chT"]
[Site "Switzerland"]
[Date "2002.09.08"]
[Round "7.8"]
[White "Milosevic, Goran"]
[Black "Wueest, Andrin"]
[Result "1-0"]
[WhiteElo "2400"]
[BlackElo "2235"]
[PlyCount "83"]
[EventDate "2002.03.03"]
[EventType "team-tourn"]
[EventRounds "9"]
[EventCountry "SUI"]
[SourceTitle "EXT 2003"]
[Source "ChessBase"]
[SourceDate "2002.11.25"]
[SourceVersion "1"]
[SourceVersionDate "2002.11.25"]
[SourceQuality "1"]

1. e4 e6 2. d4 d5 3. Nd2 dxe4 4. Nxe4 Nd7 5. Nf3 Ngf6 6. Nxf6+ Nxf6 7. Bd3 c5 8. dxc5 Bxc5 9. 0-0 0-0 10. Bg5 b6 11. Qe2 Bb7 12. Rad1 Qc7 13. Bxf6 gxf6 14. Be4 Rfd8 15. Bxb7 Qxb7 16. Rd3 Rxd3 17. Qxd3 Qc7 18. Rd1 Be7 19. a3 Rd8 20. Qe2 Rxd1+ 21. Qxd1 b5 22. Qd3 a6 23. Kf1 Qf4 24. Ke2 Bc5 25. Qc3 Qe4+ 26. Kf1 Qd5 27. Qxf6 Qc4+ 28. Ke1 Qe4+ 29. Kd1 Qd5+ 30. Kc1 Bxf2 31. Ne5 Be3+ 32. Kb1 Qd1+ 33. Ka2 Qd5+ 34. b3 Qb7 35. Kb1 Qc7 36. c3 Bc5 37. Ng4 Bf8 38. Qg5+ Bg7 39. Nf6+ Kf8 40. Qxg7+ Ke7 41. Qg5 h6 42. Nd5+ 1-0

[Event "SUI-chT"]
[Site "Switzerland"]
[Date "2002.04.21"]
[Round "3.8"]
[White "Wueest, Andrin"]
[Black "Ermeni, Avni"]
[Result "1-0"]
[WhiteElo "2251"]
[BlackElo "2243"]
[PlyCount "127"]
[EventDate "2002.03.03"]
[EventType "team-tourn"]
[EventRounds "9"]
[EventCountry "SUI"]
[SourceTitle "EXT 2003"]
[Source "ChessBase"]
[SourceDate "2002.11.25"]
[SourceVersion "1"]
[SourceVersionDate "2002.11.25"]
[SourceQuality "1"]
[WhiteTeam "Luzern"]
[BlackTeam "Biel"]
[WhiteTeamCountry "SUI"]
[BlackTeamCountry "SUI"]

1. d4 Nf6 2. Nc3 d5 3. Bg5 c6 4. Bxf6 exf6 5. e3 g6 6. Bd3 Bg7 7. Nge2 0-0 8. h4 h5 9. Nf4 f5 10. Nce2 Nd7 11. c4 Nf6 12. cxd5 Nxd5 13. Nxd5 Qxd5 14. Qb3 Qxg2 15. Rg1 Qd5 16. Qxd5 cxd5 17. Nf4 Bd7 18. Rc1 Kh7 19. Kd2 Bc6 20. Nxh5 gxh5 21. Rg5 Bd7 22. Rc7 Bh6 23. Rxh5 Be6 24. Bxf5+ Bxf5 25. Rxf5 Rab8 26. Rfxf7+ Kg6 27. Rxf8 Rxf8 28. Ke2 Rf7 29. Rc8 Bf8 30. Rd8 Rf5 31. h5+ Kxh5 32. Rd7 Kg6 33. Rxb7 Rf7 34. Rb5 Rd7 35. Ra5 Kf7 36. Kd3 Ke6 37. f3 Bd6 38. e4 dxe4+ 39. fxe4 Ke7 40. Rb5 Kd8 41. e5 Bc7 42. Ke4 Rh7 43. a4 Rh4+ 44. Kd5 Bb6 45. Rb4 Kd7 46. Rc4 Rh6 47. b4 Rg6 48. Rc2 Rg4 49. Rc4 a5 50. bxa5 Bxa5 51. Kc5 Bc7 52. Kb5 Re4 53. a5 Bxe5 54. dxe5 Rxe5+ 55. Kb6 Re1 56. Rc7+ Kd8 57. Rc5 Rb1+ 58. Ka7 Rb2 59. Rc6 Ra2 60. a6 Kd7 61. Kb7 Ra1 62. Rb6 Rc1 63. a7 Rc7+ 64. Ka6 1-0

[Event "SUI-chT"]
[Site "Switzerland"]
[Date "2000.??.??"]
[Round "?"]
[White "Herb, Pascal"]
[Black "Wueest, Andrin"]
[Result "1-0"]
[WhiteElo "2310"]
[BlackElo "2216"]
[PlyCount "59"]
[EventDate "2000.02.??"]
[EventType "team-tourn"]
[EventRounds "9"]
[EventCountry "SUI"]
[SourceTitle "EXT 2001"]
[Source "ChessBase"]
[SourceDate "2000.11.22"]
[SourceVersion "1"]
[SourceVersionDate "2000.11.22"]
[SourceQuality "1"]

1. e4 e6 2. d4 d5 3. Nc3 Bb4 4. e5 c5 5. a3 Bxc3+ 6. bxc3 Ne7 7. Nf3 Qa5 8. Bd2 Nbc6 9. Qb1 0-0 10. a4 f6 11. exf6 Rxf6 12. Qb5 Qc7 13. Qxc5 b6 14. Qa3 e5 15. dxe5 Nxe5 16. 0-0-0 Nxf3 17. gxf3 Rxf3 18. Re1 Ng6 19. Bg2 Rf5 20. Re8+ Kf7 21. Rhe1 Bb7 22. Rxa8 Bxa8 23. c4 Qxc4 24. Bh3 Re5 25. Qf3+ Ke8 26. Rxe5+ Nxe5 27. Qf5 Qc7 28. Bb4 Nd7 29. Qe6+ Kd8 30. Qg8+ 1-0

[Event "SUI-chT"]
[Site "Switzerland"]
[Date "1998.11.08"]
[Round "9.7"]
[White "Wueest, Andrin"]
[Black "Voneschen, Jan"]
[Result "1-0"]
[WhiteElo "2225"]
[BlackElo "2160"]
[PlyCount "97"]
[EventDate "1998.03.29"]
[EventType "team-tourn"]
[EventRounds "9"]
[EventCountry "SUI"]
[SourceTitle "EXT 2006"]
[Source "ChessBase"]
[SourceDate "2005.11.24"]
[SourceVersion "1"]
[SourceVersionDate "2005.11.24"]
[SourceQuality "1"]

1. d4 f5 2. g3 Nf6 3. Bg2 e6 4. Nd2 d5 5. Ndf3 Bd6 6. Nh3 0-0 7. Bf4 c5 8. e3 Nc6 9. c3 b6 10. Qa4 Qc7 11. Bxd6 Qxd6 12. Nf4 a5 13. 0-0 Ba6 14. Rfd1 Rfb8 15. Ng5 Nd8 16. h4 c4 17. a3 b5 18. Qc2 Bc8 19. f3 h6 20. Ngh3 b4 21. axb4 axb4 22. Kh2 b3 23. Qe2 Qb6 24. Ng6 Kh7 25. Ne5 Ra2 26. e4 Rba8 27. Rab1 Bb7 28. exf5 exf5 29. Re1 Nc6 30. Nxc6 Qxc6 31. Qe5 Qd7 32. Qe7 Bc6 33. Qxd7 Bxd7 34. Nf4 Re8 35. Rxe8 Bxe8 36. Bh3 Bd7 37. h5 Kg8 38. Kg2 Kf7 39. Kf2 Ke7 40. Ng6+ Kd6 41. Nf4 Ne8 42. Ke3 Nc7 43. Ne2 Ke6 44. Nc1 Ra8 45. Ne2 Kf6 46. Nf4 Ra2 47. Bg2 Kg5 48. Ng6 Kxh5 49. Ne5 1-0

[Event "SUI-chT"]
[Site "Switzerland"]
[Date "1998.06.28"]
[Round "4.8"]
[White "Goldstern, Filip Daniel"]
[Black "Wueest, Andrin"]
[Result "1-0"]
[WhiteElo "2355"]
[BlackElo "2225"]
[PlyCount "85"]
[EventDate "1998.03.29"]
[EventType "team-tourn"]
[EventRounds "9"]
[EventCountry "SUI"]
[SourceTitle "EXT 2006"]
[Source "ChessBase"]
[SourceDate "2005.11.24"]
[SourceVersion "1"]
[SourceVersionDate "2005.11.24"]
[SourceQuality "1"]

1. d4 Nf6 2. c4 Nc6 3. Nf3 e6 4. a3 d6 5. Nc3 e5 6. d5 Ne7 7. e4 g6 8. c5 Bg7 9. Bb5+ Kf8 10. cxd6 cxd6 11. Be2 h6 12. Nd2 h5 13. Nc4 Bh6 14. Bxh6+ Rxh6 15. Qd2 g5 16. h4 Rh8 17. hxg5 Ne8 18. Rxh5 Rxh5 19. Bxh5 a6 20. a4 Bd7 21. a5 Rc8 22. Be2 Ng6 23. g3 Qe7 24. Ra3 Nc7 25. Nb6 Rd8 26. Nxd7+ Rxd7 27. Rb3 Ne8 28. Rb6 Rc7 29. Qe3 Qd7 30. b4 Qh3 31. Kd2 Qh1 32. Nd1 Ke7 33. Qf3 Qg1 34. b5 axb5 35. Bxb5 Kf8 36. Bxe8 Kxe8 37. Rxd6 Qf1 38. Qd3 Qh1 39. a6 bxa6 40. Rxa6 Kf8 41. d6 Rd7 42. Ne3 Qf3 43. Ra8+ 1-0

[Event "SUI-chT"]
[Site "Switzerland"]
[Date "1998.04.26"]
[Round "2.7"]
[White "Bucher, Denis"]
[Black "Wueest, Andrin"]
[Result "1-0"]
[WhiteElo "2115"]
[BlackElo "2225"]
[PlyCount "65"]
[EventDate "1998.03.29"]
[EventType "team-tourn"]
[EventRounds "9"]
[EventCountry "SUI"]
[SourceTitle "EXT 2006"]
[Source "ChessBase"]
[SourceDate "2005.11.24"]
[SourceVersion "1"]
[SourceVersionDate "2005.11.24"]
[SourceQuality "1"]

1. e4 e6 2. d4 d5 3. Nc3 Bb4 4. e5 c5 5. a3 Bxc3+ 6. bxc3 Ne7 7. Qg4 Qc7 8. Qxg7 Rg8 9. Qxh7 cxd4 10. Ne2 Nbc6 11. f4 Bd7 12. Qd3 dxc3 13. Rb1 Nf5 14. h3 d4 15. g4 Nh4 16. Qh7 Nf3+ 17. Kf2 0-0-0 18. Kxf3 Nxe5+ 19. fxe5 Bc6+ 20. Kf2 Bxh1 21. Rb4 d3 22. cxd3 Rh8 23. Qg7 Rhg8 24. Qf6 Rxd3 25. Nd4 Rd1 26. Qf4 Bd5 27. Nb5 Qe7 28. Nxc3 Qh4+ 29. Kg1 Qxh3 30. Nxd1 Qh1+ 31. Kf2 Rh8 32. Ke1 Rh3 33. Nf2 1-0